Statistics for A-Z The Legend of Zelda

Click here to take the quiz!

General Stats

  • This quiz has been taken 58 times
    (53 since last reset)
  • The average score is 18 of 26

Answer Stats

LetterHintAnswer% Correct
HName of Several kingdoms on different Continents of the world of the The Legend of Zelda series.Hyrule
96%
IShe first appeared in The Legend of Zelda as an old woman.Impa
96%
LThe main protagonist of The Legend of Zelda series.Link
96%
RThe main currency used in Hyrule in The Legend of Zelda series.Rupee
96%
ZShe is known for being the beautiful Princess of Hyrule.Zelda
96%
DA large, volcanic mountain located in northern Hyrule's Eldin Province.Death Mountain
93%
GAlso known as Ganondorf Dragmire in humanoid form.Ganon
93%
NA fairy who accompanies link on his adventures, providing help along the way.Navi
91%
OThese octopus monsters are known for their ability to produce rocks within their body which they fire from their snout via compressed air.Octorok
89%
MAfter being turned into a cat-like imp by Zant, she teams up with Link to take her kingdom back and acts as his sidekick for the remainder of the game.Midna
87%
EShe is used mainly by Link for faster travel across the overworld.Epona
84%
TA man of 35 who seems to be obsessed with "forest fairies," even though he appears to be human.Tingle
84%
UShe is the former Chief and Champion of the Gerudo, and the pilot of the Divine Beast Vah Naboris.Urbosa
84%
YSheikah who abandoned the Royal Family of Hyrule and pledged their allegiance to Calamity Ganon.Yiga
84%
BA popular weapon used in The Legend of Zelda series.Boomerang
71%
PThey are enemies that you can find in the graveyard outside of Hyrule castle.Poe
69%
VThe main antagonist and final boss.Vaati
64%
CLink can usually hold them above his head and use them to glide.Cucco
62%
SA race found in The Legend of Zelda series who are devoted to serving the Goddesses.Sheikah
62%
WWolf like enemies that appear in The Legend of Zelda series.Wolfos
56%
KHe is the form that Rauru takes outside of the Sacred Realm.Kaepora Gaebora
44%
AThe resting place of Farore's Flame.Ancient Cistern
38%
JIt serves as the Boss of the Earth Temple.Jalhalla
24%
QShe is the mother of Prince Ralis and was the wife of an unamed king of the Zoras who died an prior to the Twili invasion.Queen Rutela
22%
FDespite being birds, they seem to have no wings, though nevertheless have a beak and other bird-like attributes.Fokka
7%
XOne of four items needed to enter Tarm Ruins in Oracle of Seasons.X-Shaped Jewel
7%

Score Distribution

Percentile by Number Answered

Percent of People with Each Score

Your Score History

You have not taken this quiz since the last reset